[Event "HUN-chT2 Barcza 0405"]
[Site "Hungary"]
[Date "2004.11.21"]
[Round "3"]
[White "Bihari, Gabor"]
[Black "Zahari, Istvan"]
[Result "0-1"]
[WhiteElo "1809"]
[BlackElo "1816"]
[PlyCount "104"]
[EventDate "2004.09.26"]
[EventType "team"]
[EventRounds "11"]
[EventCountry "HUN"]
[SourceTitle "EXT 2009"]
[Source "ChessBase"]
[SourceDate "2008.11.26"]
[SourceVersion "1"]
[SourceVersionDate "2008.11.26"]
[SourceQuality "1"]
[WhiteTeam "Puspokladany"]
[BlackTeam "Szabolcs Volan"]
[WhiteTeamCountry "HUN"]
[BlackTeamCountry "HUN"]

1. e4 d6 2. Bc4 Nf6 3. d3 g6 4. Nf3 Bg7 5. Nc3 c6 6. a3 0-0 7. Ba2 e5 8. Bg5 Qc7 9. Qd2 b5 10. 0-0 Be6 11. h3 Nbd7 12. Bh6 a5 13. Bxg7 Kxg7 14. Ng5 Bxa2 15. Nxa2 Nh5 16. g3 Qc8 17. Kg2 Nc5 18. h4 h6 19. Nh3 f5 20. f3 Ne6 21. c3 Ra7 22. d4 fxe4 23. fxe4 Nf6 24. dxe5 dxe5 25. Qd6 Ng4 26. Rxf8 Nxf8 27. Qc5 Qd7 28. Rf1 Ne6 29. Qb6 Rb7 30. Qg1 Qd2+ 31. Rf2 Nxf2 32. Qxf2 Rd7 33. Qxd2 Rxd2+ 34. Kf3 Rxb2 35. Nc1 Rc2 36. Ne2 Ra2 37. Nf2 h5 38. g4 Nc5 39. Ke3 Rxa3 40. Kd2 Ra2+ 41. Ke3 Kf6 42. gxh5 gxh5 43. Ng3 Kg6 44. Nf5 a4 45. Ne7+ Kf6 46. Nxc6 Rxf2 47. Kxf2 Nxe4+ 48. Ke3 Nxc3 49. Nb4 Ke6 50. Kd3 Nd5 51. Nc2 Kd6 52. Na1 b4 0-1